| 000 | 00809nam a2200229 a 4500 | ||
|---|---|---|---|
| 005 | 20180907162924.0 | ||
| 008 | 140120b1996 ck ||||| |||| 00| 0 spa d | ||
| 041 | _aspa | ||
| 044 | _ack | ||
| 090 |
_aIAvH _b00033 |
||
| 100 |
_aGiraldo, Martha Cecilia _94183 |
||
| 110 |
_9204 _aInstituto de Investigación de Recursos Biológicos Alexander von Humboldt _bInstituto de Investigación de Recursos Biológicos Alexander von Humboldt |
||
| 245 | _aEvaluación del potencial nacional de Investigación en fitoquímica | ||
| 260 |
_aVilla de Leyva (Boyacá) _bInstituto Alexander von Humboldt _bCOLCIENCIAS _c1996 |
||
| 300 | _a40 p. | ||
| 650 |
_aFitoquímica _94184 |
||
| 650 |
_aInvestigación _94185 |
||
| 650 |
_aPlantas _93788 |
||
| 650 |
_aInventarios _992201 |
||
| 662 | _aColombia | ||
| 942 |
_cCD-ROM _2z |
||
| 999 |
_c1670 _d1670 |
||